[Event "Titled Tuesday intern op 18th Oct Late"]
[Site "Chess.com INT"]
[Date "2022.10.18"]
[Round "3"]
[White "Eisen, Zane S"]
[Black "Bogaudinov, Rushan"]
[Result "0-1"]
[WhiteElo "1923"]
[BlackElo "2003"]
[PlyCount "72"]
[EventDate "2022.10.18"]
[EventType "swiss (blitz)"]
[EventRounds "11"]
[EventCountry "USA"]
[SourceTitle "EXT 2024"]
[Source "ChessBase"]
[SourceDate "2023.10.10"]
[SourceVersion "1"]
[SourceVersionDate "2023.10.10"]
[SourceQuality "1"]

1. e4 c5 2. d4 cxd4 3. c3 d3 4. c4 Nf6 5. Nc3 Nc6 6. Bxd3 g6 7. Nf3 Bg7 8. Be3 0-0 9. 0-0 Ng4 10. Bd2 d6 11. h3 Nge5 12. Nxe5 Nxe5 13. Be2 b6 14. Rc1 Bb7 15. f3 e6 16. Qe1 d5 17. cxd5 exd5 18. Nxd5 Bxd5 19. exd5 Qxd5 20. Bc3 Rfe8 21. a3 Rad8 22. Qg3 h5 23. Rcd1 Qc5+ 24. Qf2 Qc7 25. Bb5 Rxd1 26. Rxd1 Rd8 27. Qe1 Qc5+ 28. Kh1 Rxd1 29. Qxd1 Qxb5 30. g4 hxg4 31. Qd8+ Kh7 32. Qh4+ Kg8 33. Qd8+ Bf8 34. Qf6 Qf1+ 35. Kh2 Qxh3+ 36. Kg1 Bc5+ 0-1

[Event "Titled Tuesday intern op 04th Oct Late"]
[Site "Chess.com INT"]
[Date "2022.10.04"]
[Round "4"]
[White "Sargsyan, Anna M"]
[Black "Eisen, Zane S"]
[Result "1-0"]
[WhiteElo "2384"]
[BlackElo "1923"]
[PlyCount "73"]
[EventDate "2022.10.04"]
[EventType "swiss (blitz)"]
[EventRounds "11"]
[EventCountry "USA"]
[SourceTitle "EXT 2023"]
[Source "ChessBase"]
[SourceDate "2022.10.05"]
[SourceVersion "1"]
[SourceVersionDate "2022.10.05"]
[SourceQuality "1"]

1. d4 Nf6 2. c4 c5 3. d5 e6 4. Nc3 exd5 5. cxd5 d6 6. Nf3 g6 7. Nd2 a6 8. a4 Bg7 9. Nc4 0-0 10. Bf4 Ne8 11. e3 Qe7 12. Nb6 g5 13. Bg3 f5 14. Nxa8 f4 15. Nb6 fxg3 16. hxg3 Bf5 17. Bd3 Nd7 18. Bxf5 Rxf5 19. Nxd7 Qxd7 20. 0-0 Nf6 21. e4 Re5 22. f4 Rxe4 23. Nxe4 Nxe4 24. Kh2 Bd4 25. Qh5 g4 26. Rae1 Nf6 27. Qg5+ Kh8 28. Re6 Qg7 29. Qxg7+ Kxg7 30. Rxd6 Bxb2 31. Rb6 Bd4 32. Rxb7+ Kg6 33. d6 h5 34. d7 h4 35. d8Q hxg3+ 36. Kxg3 Nh5+ 37. Kxg4 1-0

[Event "Titled Tuesday intern op 27th Sep Late"]
[Site "Chess.com INT"]
[Date "2022.09.27"]
[Round "5"]
[White "Eisen, Zane S"]
[Black "Al Tarbosh, Ward"]
[Result "0-1"]
[WhiteElo "1931"]
[BlackElo "2156"]
[PlyCount "66"]
[EventDate "2022.09.27"]
[EventType "swiss (blitz)"]
[EventRounds "11"]
[EventCountry "USA"]
[SourceTitle "CBM 210 Extra"]
[Source "ChessBase"]
[SourceDate "2022.11.30"]
[SourceVersion "1"]
[SourceVersionDate "2022.11.30"]
[SourceQuality "1"]

1. e4 c5 2. d4 cxd4 3. c3 dxc3 4. Nxc3 Nc6 5. Nf3 d6 6. Bc4 e6 7. 0-0 Nf6 8. Qe2 Be7 9. Rd1 Qa5 10. Nb5 d5 11. exd5 exd5 12. Bd2 Qd8 13. Bf4 0-0 14. Nc7 Bg4 15. Nxa8 Qxa8 16. Bxd5 Nxd5 17. Rxd5 Bf6 18. h3 Nd4 19. Rxd4 Bxf3 20. Qxf3 Bxd4 21. Rd1 Bxb2 22. Rd7 b6 23. Qb7 Qxb7 24. Rxb7 Ra8 25. Kf1 f6 26. Bb8 Be5 27. Bxa7 b5 28. Be3 Ra5 29. f4 Bd6 30. Kf2 Rxa2+ 31. Kf3 Rb2 32. f5 Rb3 33. Rb8+ Bxb8 0-1

[Event "Titled Tuesday intern op 27th Sep Late"]
[Site "Chess.com INT"]
[Date "2022.09.27"]
[Round "4"]
[White "Samarth, J Rao"]
[Black "Eisen, Zane S"]
[Result "1-0"]
[WhiteElo "1664"]
[BlackElo "1931"]
[PlyCount "109"]
[EventDate "2022.09.27"]
[EventType "swiss (blitz)"]
[EventRounds "11"]
[EventCountry "USA"]
[SourceTitle "CBM 210 Extra"]
[Source "ChessBase"]
[SourceDate "2022.11.30"]
[SourceVersion "1"]
[SourceVersionDate "2022.11.30"]
[SourceQuality "1"]

1. c4 Nf6 2. Nc3 g6 3. d4 c5 4. d5 e6 5. e4 exd5 6. cxd5 d6 7. Bc4 Bg7 8. Nf3 0-0 9. 0-0 Bg4 10. h3 Bxf3 11. Qxf3 Nbd7 12. Bf4 Qe7 13. Rae1 Nh5 14. Bh2 Ne5 15. Qe2 a6 16. a4 Bh6 17. f4 Nxc4 18. Qxc4 Qh4 19. Ne2 Rae8 20. g4 Nf6 21. e5 Nxg4 22. hxg4 Qxg4+ 23. Kh1 Rxe5 24. Qd3 Rh5 25. Nc3 Bxf4 26. Re2 Rh3 27. Rxf4 Rxh2+ 28. Kxh2 Qxf4+ 29. Kg2 Qg4+ 30. Qg3 Qxg3+ 31. Kxg3 f5 32. Re6 Rd8 33. Kf4 Kf7 34. Ne2 h6 35. Ng3 b5 36. a5 c4 37. Ne2 b4 38. Nd4 h5 39. Kg5 c3 40. bxc3 bxc3 41. Rxg6 Rc8 42. Rf6+ Kg7 43. Nxf5+ Kh7 44. Rh6+ Kg8 45. Nd4 c2 46. Nxc2 Rxc2 47. Rxd6 Rc5 48. Kxh5 Rxa5 49. Kg6 Kf8 50. Kf6 Ke8 51. Ke6 Ra1 52. Rb6 Re1+ 53. Kd6 a5 54. Rb8+ Kf7 55. Ra8 1-0

[Event "Titled Tuesday intern op 20th Sep Late"]
[Site "Chess.com INT"]
[Date "2022.09.20"]
[Round "3"]
[White "Jeet, Jain"]
[Black "Eisen, Zane S"]
[Result "1-0"]
[WhiteElo "2167"]
[BlackElo "1931"]
[PlyCount "75"]
[EventDate "2022.09.20"]
[EventType "swiss (blitz)"]
[EventRounds "11"]
[EventCountry "USA"]
[SourceTitle "EXT 2023"]
[Source "ChessBase"]
[SourceDate "2022.10.05"]
[SourceVersion "1"]
[SourceVersionDate "2022.10.05"]
[SourceQuality "1"]

1. Nf3 d5 2. b3 Nf6 3. e3 g6 4. Bb2 Bg7 5. c4 c6 6. Be2 0-0 7. Nc3 Bg4 8. h3 Bxf3 9. Bxf3 dxc4 10. bxc4 Nbd7 11. d4 e5 12. d5 cxd5 13. cxd5 e4 14. Nxe4 Nxe4 15. Bxg7 Qa5+ 16. Ke2 Kxg7 17. Bxe4 Rfe8 18. Qd4+ Kg8 19. Rhc1 Rad8 20. Bf3 Qa6+ 21. Qc4 Qxc4+ 22. Rxc4 Ne5 23. Rd4 Nxf3 24. gxf3 Re5 25. e4 f5 26. Rc1 Rd7 27. Kd3 Kf7 28. a4 b6 29. Rc8 Kg7 30. Rdc4 g5 31. R4c7 Ree7 32. Rxd7 Rxd7 33. Kd4 fxe4 34. fxe4 Kf7 35. e5 Re7 36. d6 Rd7 37. Kd5 Kg7 38. e6 1-0

[Event "Titled Tuesday intern op 15 Mar Late"]
[Site "Chess.com INT"]
[Date "2022.03.15"]
[Round "5"]
[White "Eisen, Zane S"]
[Black "Hoffmann, Asa"]
[Result "0-1"]
[WhiteElo "1943"]
[BlackElo "2185"]
[PlyCount "62"]
[EventDate "2022.03.15"]
[EventType "swiss (blitz)"]
[EventRounds "11"]
[EventCountry "USA"]
[SourceTitle "CBM 207 Extra"]
[Source "ChessBase"]
[SourceDate "2022.05.31"]
[SourceVersion "1"]
[SourceVersionDate "2022.05.31"]
[SourceQuality "1"]

1. e4 d6 2. d4 Nf6 3. Nc3 c6 4. Nf3 Bg4 5. Bc4 e6 6. h3 Bh5 7. Be3 d5 8. Bd3 Bb4 9. e5 Ne4 10. 0-0 Bxc3 11. bxc3 Nxc3 12. Qd2 Bxf3 13. Qxc3 Be4 14. f4 f5 15. exf6 Qxf6 16. Bxe4 dxe4 17. Qb4 b6 18. Qd6 Kf7 19. f5 e5 20. Qc7+ Qe7 21. Qxe7+ Kxe7 22. dxe5 Nd7 23. Bg5+ Ke8 24. Rfe1 Nc5 25. Rad1 Kf7 26. e6+ Kf8 27. Rd7 Nxd7 28. exd7 Kf7 29. Rxe4 Rad8 30. Re7+ Kf8 31. Kf2 h6 0-1

[Event "Titled Tuesday intern op 15 Mar Late"]
[Site "Chess.com INT"]
[Date "2022.03.15"]
[Round "2"]
[White "Eisen, Zane S"]
[Black "Mikhalsky, Vladimir"]
[Result "0-1"]
[WhiteElo "1943"]
[BlackElo "2269"]
[PlyCount "52"]
[EventDate "2022.03.15"]
[EventType "swiss (blitz)"]
[EventRounds "11"]
[EventCountry "USA"]
[SourceTitle "CBM 207 Extra"]
[Source "ChessBase"]
[SourceDate "2022.05.31"]
[SourceVersion "1"]
[SourceVersionDate "2022.05.31"]
[SourceQuality "1"]

1. e4 g6 2. d4 Bg7 3. f4 d6 4. Nf3 Nf6 5. Nc3 0-0 6. Bd3 Na6 7. Be3 Nb4 8. Be2 Bg4 9. a3 Nc6 10. d5 Nb8 11. 0-0 c5 12. Bc4 Na6 13. h3 Bd7 14. g4 b5 15. g5 Nxe4 16. Nxe4 bxc4 17. c3 Bxh3 18. Nh4 Bxf1 19. Qxf1 Rb8 20. Qxc4 Qc8 21. f5 gxf5 22. Ng3 e6 23. Nh5 Rxb2 24. Rf1 Nc7 25. dxe6 Qxe6 26. Qf4 Nd5 0-1

[Event "Marshall CC-ch 104th"]
[Site "Chess.com INT"]
[Date "2020.12.20"]
[Round "4"]
[White "Eisen, Zane S"]
[Black "Garcia, Miguel1111"]
[Result "1-0"]
[WhiteElo "1981"]
[BlackElo "1831"]
[PlyCount "31"]
[EventDate "2020.12.19"]
[EventType "swiss"]
[EventRounds "9"]
[EventCountry "USA"]
[SourceTitle "CBM 200 Extra"]
[Source "ChessBase"]
[SourceDate "2021.03.31"]
[SourceVersion "1"]
[SourceVersionDate "2021.03.31"]
[SourceQuality "1"]

1. e4 c5 2. d4 cxd4 3. c3 dxc3 4. Nxc3 g6 5. Nf3 Bg7 6. Bc4 d6 7. e5 Be6 8. Bxe6 fxe6 9. Qb3 Qc8 10. exd6 exd6 11. 0-0 Ne7 12. Re1 e5 13. Ng5 Qf5 14. Nce4 Nc8 15. Qxb7 0-0 16. Qxa8 1-0

[Event "US Open-115"]
[Site "Orlando"]
[Date "2014.08.01"]
[Round "7"]
[White "Eisen, Zane S"]
[Black "Skidmore, Jennifer M"]
[Result "0-1"]
[WhiteElo "2005"]
[BlackElo "1947"]
[PlyCount "64"]
[EventDate "2014.07.26"]
[EventType "swiss"]
[EventRounds "9"]
[EventCountry "USA"]
[SourceTitle "CBM 161 Extra"]
[Source "ChessBase"]
[SourceDate "2014.08.29"]
[SourceVersion "1"]
[SourceVersionDate "2014.08.29"]
[SourceQuality "1"]

1. e4 e5 2. Nf3 d6 3. Bc4 Be7 4. d4 exd4 5. Nxd4 Nf6 6. Nc3 0-0 7. f3 Re8 8. Be3 c6 9. 0-0 b5 10. Be2 a6 11. Qe1 c5 12. Nb3 Bb7 13. Rd1 Nbd7 14. a4 b4 15. Nb1 Bf8 16. Bf4 d5 17. Qh4 dxe4 18. N1d2 exf3 19. Bxf3 Bxf3 20. Rxf3 Qb6 21. Nc4 Qe6 22. Bd6 Qe2 23. Rfd3 Re4 24. Qg3 Rxc4 25. Bxf8 Nxf8 26. Re1 Qg4 27. Qf2 Ne4 28. Qf1 Rxc2 29. h3 Qg6 30. Qf3 Ng5 31. Qg3 c4 32. Rd6 Nxh3+ 0-1

[Event "US Open-115"]
[Site "Orlando"]
[Date "2014.07.30"]
[Round "2"]
[White "Johnston, Daniel F"]
[Black "Eisen, Zane S"]
[Result "1-0"]
[WhiteElo "1822"]
[BlackElo "2005"]
[PlyCount "48"]
[EventDate "2014.07.26"]
[EventType "swiss"]
[EventRounds "9"]
[EventCountry "USA"]
[SourceTitle "CBM 161 Extra"]
[Source "ChessBase"]
[SourceDate "2014.08.29"]
[SourceVersion "1"]
[SourceVersionDate "2014.08.29"]
[SourceQuality "1"]

1. e4 e5 2. Nf3 Nc6 3. d4 exd4 4. Bc4 Nf6 5. e5 d5 6. Bb5 Ne4 7. Nxd4 Bd7 8. Bxc6 bxc6 9. 0-0 Be7 10. f3 Ng5 11. f4 Ne4 12. f5 c5 13. Nb3 c4 14. Qxd5 cxb3 15. Qxe4 Bb5 16. c4 Bc5+ 17. Kh1 bxa2 18. Nc3 Bd7 19. e6 0-0 20. exd7 Qxd7 21. f6 gxf6 22. Nd5 f5 23. Nf6+ Kg7 24. Qh4 Qd3 1-0